000 00433nam a2200181Ia 4500
001 16017
005 20260306170238.0
008 260306t2001||||xx |||||||||||||| ||und||
041 _aESP
082 _a346.52
_bO693
100 _aOwen, David
_eAUT
245 0 _aPhilosophical foundations of tort law
260 _c2001
300 _axvi, 510 páginas :
_c23 cm.
650 _aGEN
654 _aCDE
942 _cLIB
_dJUS
_fJUS
_2ddc
_n
999 _c16017
_d16017